Drama Karma Dharma: (Record no. 190627)

MARC details
000 -LEADER
fixed length control field 00570nam a22001817a 4500
005 - DATE AND TIME OF LATEST TRANSACTION
control field 20220801151547.0
010 ## - LCCN (DPL NO)
LC control number ENG-134120
020 ## - INTERNATIONAL STANDARD BOOK NUMBER
International Standard Book Number 9789385133077
Terms of availability 295.00
035 ## - SYSTEM CONTROL NUMBER
System control number EN-117652
037 ## - SOURCE OF ACQUISITION
Source of stock number/acquisition DBAB/PUB
082 ## - DEWEY DECIMAL CLASSIFICATION NUMBER
Classification number S
100 ## - MAIN ENTRY--PERSONAL NAME
Personal name Chatura
245 ## - TITLE STATEMENT
Title Drama Karma Dharma:
Remainder of title The Inner Voice, Are You Listening?/
Statement of responsibility, etc Chatura
260 ## - PUBLICATION, DISTRIBUTION, ETC. (IMPRINT)
Place of publication, distribution, etc Mumbai
Name of publisher, distributor, etc Ketaki Prakashan Pvt. Ltd
Date of publication, distribution, etc 2017
270 ## - ADDRESS
Address 22 Second Floor, 240-Perin Nariman (Bazar Gate) Street, Fort
City Mumbai
Postal code 400001
Electronic mail address info@ketakiprakashan.com
300 ## - PHYSICAL DESCRIPTION
Extent 186p.
Dimensions 22cm(pbk)
942 ## - ADDED ENTRY ELEMENTS (KOHA)
Source of classification or shelving scheme Dewey Decimal Classification
Item type English Books
Classification part S
Call number suffix CHA
Holdings
Withdrawn status Lost status Not for loan Collection code Home library Current library Date acquired Source of acquisition Cost, normal purchase price Full call number Barcode Copy number Cost, replacement price Koha item type
      Non-fiction Ashok Vihar Ashok Vihar 01/08/2022 DBAD/PUB 295.00 S CHA EN-117652 1 295.00 English Books

© Delhi Public Library
Hit Counter
free hit counter